[Event "Rio de Janeiro op 3rd"]
[Site "Rio de Janeiro"]
[Date "2024.04.27"]
[Round "8"]
[White "Rangel, Daniel"]
[Black "Mendes Domingues, Ribeiro Matheus"]
[Result "1/2-1/2"]
[WhiteElo "2160"]
[BlackElo "2228"]
[PlyCount "27"]
[EventDate "2024.04.22"]
[EventType "swiss"]
[EventRounds "9"]
[EventCountry "BRA"]
[SourceTitle "CB18_2024"]
[SourceDate "2024.05.01"]
[SourceVersion "1"]
[SourceVersionDate "2024.05.01"]
[SourceQuality "2"]

1. d4 d5 2. c4 e6 3. Nf3 Nf6 4. g3 dxc4 5. Qa4+ Bd7 6. Qxc4 c5 7. Bg2 b5 8. Qc2 Na6 9. 0-0 Rc8 10. Qd1 Qb6 11. Ne5 cxd4 12. Bg5 Be7 13. e3 Nb4 14. Nc3 1/2-1/2

[Event "Rio de Janeiro op 3rd"]
[Site "Rio de Janeiro"]
[Date "2024.04.26"]
[Round "7"]
[White "Mendes Domingues, Ribeiro Matheus"]
[Black "Fier, Alexandr"]
[Result "0-1"]
[WhiteElo "2228"]
[BlackElo "2566"]
[PlyCount "105"]
[EventDate "2024.04.22"]
[EventType "swiss"]
[EventRounds "9"]
[EventCountry "BRA"]
[SourceTitle "CB18_2024"]
[SourceDate "2024.05.01"]
[SourceVersion "1"]
[SourceVersionDate "2024.05.01"]
[SourceQuality "2"]

1. c4 c5 2. Nc3 Nf6 3. Nf3 Nc6 4. e3 a6 5. d4 cxd4 6. exd4 d5 7. cxd5 Nxd5 8. Bc4 Be6 9. Qe2 Rc8 10. Nxd5 Bxd5 11. Bxd5 Qxd5 12. 0-0 e6 13. Be3 Be7 14. Rfc1 0-0 15. Qc4 Rcd8 16. h3 Bf6 17. Qxd5 Rxd5 18. Rc4 Rfd8 19. Rac1 g6 20. b4 Nxd4 21. Nxd4 Bxd4 22. Rc7 Bxe3 23. fxe3 Rd1+ 24. Rxd1 Rxd1+ 25. Kh2 b5 26. Rc6 Re1 27. Rxa6 Rxe3 28. Ra5 Re2 29. Rxb5 Rxa2 30. Rb8+ Kg7 31. b5 Rb2 32. Kg3 g5 33. b6 h5 34. Kf3 h4 35. b7 Rb4 36. Ke3 Kf6 37. Kd3 Kf5 38. Kc3 Rb1 39. Kc4 Kf4 40. Kc5 Kg3 41. Rg8 Rxb7 42. Rxg5+ Kf2 43. Kd6 Rb4 44. Rg7 Rf4 45. Ke5 Ke3 46. Rh7 Rf5+ 47. Kd6 Kf2 48. Rxh4 Kxg2 49. Rh7 e5 50. Kd5 Kf3 51. Rh4 e4+ 52. Kd4 e3 53. Rg4 0-1

[Event "Florianopolis op 10th"]
[Site "Florianopolis"]
[Date "2024.01.25"]
[Round "7"]
[White "Mendes Domingues, Ribeiro Matheus"]
[Black "Hoffman, Alejandro"]
[Result "1/2-1/2"]
[WhiteElo "2130"]
[BlackElo "2358"]
[PlyCount "45"]
[EventDate "2024.01.20"]
[EventType "swiss"]
[EventRounds "10"]
[EventCountry "BRA"]
[SourceTitle "CB05_2024"]
[SourceDate "2024.01.31"]
[SourceVersion "1"]
[SourceVersionDate "2024.01.31"]
[SourceQuality "1"]

1. c4 e6 2. Nf3 d5 3. e3 Nf6 4. Nc3 a6 5. b3 c5 6. Bb2 Nc6 7. cxd5 exd5 8. d4 Bd6 9. Be2 0-0 10. dxc5 Bxc5 11. 0-0 Ba7 12. Rc1 Re8 13. Qd2 Ne4 14. Nxe4 dxe4 15. Qc3 Qf6 16. Qxf6 gxf6 17. Nd2 Bf5 18. Nc4 Rad8 19. Rfd1 Rxd1+ 20. Rxd1 Bc5 21. Nd6 Bxd6 22. Rxd6 Be6 23. h3 1/2-1/2

[Event "Titled Tuesday intern op 26th Sep Early"]
[Site "Chess.com INT"]
[Date "2023.09.26"]
[Round "6"]
[White "Mendes Domingues, Ribeiro Matheus"]
[Black "Weetik, Vjacheslav"]
[Result "1/2-1/2"]
[WhiteElo "2115"]
[BlackElo "2423"]
[PlyCount "124"]
[EventDate "2023.09.26"]
[EventType "swiss (blitz)"]
[EventRounds "11"]
[EventCountry "USA"]
[SourceTitle "EXT 2024"]
[Source "ChessBase"]
[SourceDate "2023.10.10"]
[SourceVersion "1"]
[SourceVersionDate "2023.10.10"]
[SourceQuality "1"]

1. c4 e5 2. Nc3 Nf6 3. Nf3 Nc6 4. e4 Bb4 5. d3 d6 6. a3 Bc5 7. b4 Bb6 8. Be3 Bg4 9. Be2 0-0 10. 0-0 Bxf3 11. Bxf3 Nd4 12. Na4 Nxf3+ 13. Qxf3 Bxe3 14. fxe3 c6 15. Nc3 a5 16. b5 a4 17. Rab1 Qa5 18. Rfc1 Nd7 19. d4 Rac8 20. bxc6 bxc6 21. Rb7 Nf6 22. Rb4 h6 23. Rxa4 Qc7 24. d5 Ra8 25. Rxa8 Rxa8 26. dxc6 Qxc6 27. Nd5 Nxd5 28. exd5 Qc5 29. Rb1 Qxc4 30. e4 g6 31. h3 Qa6 32. Rb3 Kg7 33. Qd3 Qxd3 34. Rxd3 Ra4 35. Re3 f5 36. Kf2 f4 37. Rb3 Rxe4 38. Rb6 Ra4 39. Rxd6 e4 40. Re6 Kf7 41. g3 g5 42. h4 Rc4 43. hxg5 hxg5 44. Kg2 Rc2+ 45. Kh3 e3 46. gxf4 gxf4 47. Kg4 Rf2 48. Re4 e2 49. d6 e1Q 50. Rxe1 Rd2 51. Kxf4 Rxd6 52. Ra1 Ke7 53. Ke5 Kd7 54. a4 Kc7 55. Rc1+ Rc6 56. Rb1 Rc4 57. a5 Ra4 58. Rb5 Kc6 59. Rd5 Kb7 60. Kd6 Ka6 61. Ke5 Rxa5 62. Rxa5+ Kxa5 1/2-1/2

[Event "Titled Tuesday intern op 26th Sep Late"]
[Site "Chess.com INT"]
[Date "2023.09.26"]
[Round "6"]
[White "Nigalidze, Gaioz"]
[Black "Mendes Domingues, Ribeiro Matheus"]
[Result "1/2-1/2"]
[WhiteElo "2421"]
[BlackElo "2115"]
[PlyCount "132"]
[EventDate "2023.09.26"]
[EventType "swiss (blitz)"]
[EventRounds "11"]
[EventCountry "USA"]
[SourceTitle "EXT 2024"]
[Source "ChessBase"]
[SourceDate "2023.10.10"]
[SourceVersion "1"]
[SourceVersionDate "2023.10.10"]
[SourceQuality "1"]

1. d4 d5 2. c4 e6 3. Nc3 Nf6 4. cxd5 exd5 5. Bg5 Be6 6. e3 c6 7. Bd3 Nbd7 8. Nge2 h6 9. Bh4 g5 10. Bg3 Nh5 11. Qc2 Nxg3 12. Nxg3 h5 13. Nf5 Qf6 14. a3 Nb6 15. 0-0 Bxf5 16. Bxf5 Bd6 17. e4 Qxd4 18. exd5 0-0 19. dxc6 bxc6 20. Rad1 Qe5 21. f4 Qe3+ 22. Kh1 Bxf4 23. Ne4 Rad8 24. Nf6+ Kh8 25. Bd7 Kg7 26. Nxh5+ Kh6 27. Nf6 Kg7 28. Ng4 Qe7 29. Bxc6 Rxd1 30. Rxd1 Rd8 31. Qc3+ f6 32. Rxd8 Qxd8 33. Qc2 Nc4 34. Bf3 Qd4 35. g3 Be5 36. b3 Ne3 37. Nxe3 Qxe3 38. Qd1 Bc3 39. a4 Qe1+ 40. Qxe1 Bxe1 41. Be4 a5 42. Kg2 Kf7 43. Kf3 Ke6 44. Kg4 Ke5 45. Bd3 Ke6 46. h4 gxh4 47. gxh4 Kf7 48. h5 Kg7 49. Bg6 Bc3 50. Kf5 Bd2 51. Ke4 Be1 52. Kd3 Bb4 53. Kc4 Be1 54. Kb5 Bb4 55. Kc4 Be1 56. Be8 Bb4 57. Kd5 Be1 58. Bg6 Bb4 59. Ke6 Be1 60. Kd5 Bb4 61. Ke4 Bc3 62. Kd3 Bb4 63. Ke2 Kh6 64. Be8 Kg7 65. Bg6 Bc3 66. Kd3 Bb4 1/2-1/2

[Event "Titled Tuesday intern op 26th Sep Late"]
[Site "Chess.com INT"]
[Date "2023.09.26"]
[Round "3"]
[White "Tristan, Leonardo"]
[Black "Mendes Domingues, Ribeiro Matheus"]
[Result "1-0"]
[WhiteElo "2523"]
[BlackElo "2115"]
[PlyCount "71"]
[EventDate "2023.09.26"]
[EventType "swiss (blitz)"]
[EventRounds "11"]
[EventCountry "USA"]
[SourceTitle "EXT 2024"]
[Source "ChessBase"]
[SourceDate "2023.10.10"]
[SourceVersion "1"]
[SourceVersionDate "2023.10.10"]
[SourceQuality "1"]

1. d4 d5 2. Nf3 e6 3. Bf4 Nf6 4. e3 Bd6 5. Nbd2 0-0 6. Bd3 b6 7. h4 Bb7 8. h5 Ne4 9. h6 g6 10. Bxd6 Qxd6 11. Rh4 f5 12. Bxe4 dxe4 13. Ne5 Nd7 14. Ndc4 Qe7 15. g3 Nxe5 16. Nxe5 Qb4+ 17. Kf1 Qxb2 18. a3 Rad8 19. Qe1 c5 20. c3 cxd4 21. cxd4 Rc8 22. Rb1 Qa2 23. Kg2 Rc2 24. Rh1 Rfc8 25. Rf1 Ba6 26. Rh1 Re2 27. Qg1 Rcc2 28. Rf1 Red2 29. Rc1 Rxf2+ 30. Kh3 Rxc1 31. Qxc1 Qc2 32. Qe1 Re2 33. Qb4 Qc7 34. Qa4 Qc8 35. Rc1 Qe8 36. Qxe8# 1-0

[Event "Titled Tuesday intern op 19th Sep Early"]
[Site "Chess.com INT"]
[Date "2023.09.19"]
[Round "7"]
[White "Dyachuk, Artem"]
[Black "Mendes Domingues, Ribeiro Matheus"]
[Result "1-0"]
[WhiteElo "2236"]
[BlackElo "2115"]
[PlyCount "121"]
[EventDate "2023.09.19"]
[EventType "swiss (blitz)"]
[EventRounds "11"]
[EventCountry "USA"]
[SourceTitle "EXT 2024"]
[Source "ChessBase"]
[SourceDate "2023.10.10"]
[SourceVersion "1"]
[SourceVersionDate "2023.10.10"]
[SourceQuality "1"]

1. e4 e6 2. d4 d5 3. e5 c5 4. c3 Nc6 5. Nf3 Nge7 6. Na3 cxd4 7. cxd4 Nf5 8. Nc2 f6 9. Bd3 fxe5 10. dxe5 Bc5 11. Bxf5 exf5 12. 0-0 Be6 13. Be3 Qb6 14. Bxc5 Qxc5 15. Ncd4 Qe7 16. Rc1 Rc8 17. Nxe6 Qxe6 18. Nd4 Nxd4 19. Rxc8+ Qxc8 20. Qxd4 Qe6 21. Qb4 Qe7 22. Qb5+ Qd7 23. Qc5 b6 24. Qa3 Kf7 25. Re1 Re8 26. h3 d4 27. Qd3 Ke6 28. Qc4+ Qd5 29. Qa6 d3 30. Qxa7 d2 31. Rd1 Qxe5 32. Qxb6+ Kf7 33. Qb3+ Re6 34. Qe3 Qxe3 35. fxe3 Rxe3 36. Rxd2 Re1+ 37. Kf2 Ra1 38. a3 Kf6 39. Rd3 Ra2 40. Rb3 g5 41. Rb5 h5 42. Kg3 f4+ 43. Kf3 Ra1 44. h4 Rf1+ 45. Ke2 Rb1 46. hxg5+ Kg6 47. a4 Ra1 48. a5 Rg1 49. Kf2 Rc1 50. b4 Rc2+ 51. Kf3 Rc4 52. a6 Rc3+ 53. Kxf4 Ra3 54. Ra5 Rb3 55. a7 Rxb4+ 56. Ke3 Rb3+ 57. Kd2 Rb2+ 58. Kc1 Re2 59. a8Q Re1+ 60. Kd2 Rf1 61. Qg8# 1-0

[Event "Titled Tuesday intern op 19th Sep Early"]
[Site "Chess.com INT"]
[Date "2023.09.19"]
[Round "8"]
[White "Mendes Domingues, Ribeiro Matheus"]
[Black "Kleiman, Jake"]
[Result "1-0"]
[WhiteElo "2115"]
[BlackElo "2399"]
[PlyCount "143"]
[EventDate "2023.09.19"]
[EventType "swiss (blitz)"]
[EventRounds "11"]
[EventCountry "USA"]
[SourceTitle "EXT 2024"]
[Source "ChessBase"]
[SourceDate "2023.10.10"]
[SourceVersion "1"]
[SourceVersionDate "2023.10.10"]
[SourceQuality "1"]

1. c4 e6 2. Nf3 Nf6 3. Nc3 Bb4 4. Qc2 0-0 5. e4 d5 6. e5 Ne8 7. d4 c5 8. cxd5 cxd4 9. Nxd4 Qxd5 10. Nf3 Nc6 11. Bd2 Qa5 12. a3 Nxe5 13. Nxe5 Qxe5+ 14. Be2 Be7 15. 0-0 Nf6 16. Bf3 Rd8 17. Rfe1 Qc7 18. Rac1 Bd7 19. Bg5 Rac8 20. Qe2 Qb8 21. Ne4 Rxc1 22. Rxc1 Nd5 23. Bxe7 Nxe7 24. Nc5 Bc6 25. h3 Bxf3 26. Qxf3 Nd5 27. Ne4 h6 28. g3 Rc8 29. Rxc8+ Qxc8 30. Qxf7+ Kxf7 31. Nd6+ Kf8 32. Nxc8 a6 33. Nd6 b5 34. Ne4 Ke7 35. Kf1 Nb6 36. b3 e5 37. Ke2 Nd5 38. Kd3 a5 39. Nc5 Nc7 40. Ke4 Kf6 41. Nd7+ Ke6 42. Nxe5 Nd5 43. Nc6 Kd6 44. Nd4 Nc3+ 45. Kd3 b4 46. axb4 axb4 47. Nf5+ Ke5 48. Nxg7 Nd5 49. f4+ Kf6 50. Ne8+ Kf5 51. Nd6+ Ke6 52. Ne4 h5 53. Kc4 Ne3+ 54. Kxb4 Kf5 55. Nd6+ Ke6 56. Nc4 Nf5 57. g4 hxg4 58. hxg4 Nd4 59. f5+ Kd5 60. Kc3 Ne2+ 61. Kd3 Nf4+ 62. Ke3 Nh3 63. Kf3 Ng5+ 64. Kf4 Nh3+ 65. Kg3 Ng5 66. Kh4 Nf3+ 67. Kh5 Nd4 68. f6 Ke6 69. Kg6 Nxb3 70. f7 Ke7 71. Kg7 Nd4 72. f8Q+ 1-0

[Event "Titled Tuesday intern op 19th Sep Late"]
[Site "Chess.com INT"]
[Date "2023.09.19"]
[Round "2"]
[White "Mendes Domingues, Ribeiro Matheus"]
[Black "Yuan, Qingyu"]
[Result "0-1"]
[WhiteElo "2115"]
[BlackElo "2380"]
[PlyCount "86"]
[EventDate "2023.09.19"]
[EventType "swiss (blitz)"]
[EventRounds "11"]
[EventCountry "USA"]
[SourceTitle "EXT 2024"]
[Source "ChessBase"]
[SourceDate "2023.10.10"]
[SourceVersion "1"]
[SourceVersionDate "2023.10.10"]
[SourceQuality "1"]

1. c4 Nf6 2. Nc3 c5 3. Nf3 d5 4. cxd5 Nxd5 5. g3 Nc6 6. Bg2 Nxc3 7. bxc3 e5 8. 0-0 Be7 9. d4 cxd4 10. cxd4 exd4 11. Bb2 Bf6 12. Qd2 0-0 13. Rfd1 Qe7 14. Nxd4 Nxd4 15. Bxd4 Bxd4 16. Qxd4 Qxe2 17. Re1 Qa6 18. Qb4 Rb8 19. Re7 b6 20. Bd5 Bb7 21. Bxf7+ Kh8 22. Qg4 Qa3 23. Rae1 Qb2 24. h4 h6 25. Qf4 Bd5 26. Qf5 Bxf7 27. Rxf7 Rxf7 28. Qxf7 a5 29. Re7 Rc8 30. Re8+ Rxe8 31. Qxe8+ Kh7 32. Qe4+ Kg8 33. a4 Qf6 34. Qd5+ Kh8 35. Qa8+ Kh7 36. Qb8 Qa1+ 37. Kg2 Qxa4 38. Qxb6 Qe4+ 39. Kh2 a4 40. Qa7 Qc2 41. Kg2 Qe4+ 42. Kh2 Qb4 43. Qa5 Qxa5 0-1

[Event "Titled Tuesday intern op 19th Sep Early"]
[Site "Chess.com INT"]
[Date "2023.09.19"]
[Round "3"]
[White "Sivanandan, Bodhana"]
[Black "Mendes Domingues, Ribeiro Matheus"]
[Result "1/2-1/2"]
[WhiteElo "1840"]
[BlackElo "2115"]
[PlyCount "140"]
[EventDate "2023.09.19"]
[EventType "swiss (blitz)"]
[EventRounds "11"]
[EventCountry "USA"]
[SourceTitle "EXT 2024"]
[Source "ChessBase"]
[SourceDate "2023.10.10"]
[SourceVersion "1"]
[SourceVersionDate "2023.10.10"]
[SourceQuality "1"]

1. d4 d5 2. Nf3 e6 3. Bf4 Nf6 4. e3 Bd6 5. Bxd6 Qxd6 6. c3 0-0 7. Bd3 Nbd7 8. 0-0 c6 9. Nbd2 e5 10. dxe5 Nxe5 11. Nxe5 Qxe5 12. Re1 Bg4 13. Qc2 Rad8 14. h3 Bh5 15. e4 Bg6 16. Nf3 Qf4 17. exd5 Bxd3 18. Qxd3 Rxd5 19. Qe3 Qxe3 20. Rxe3 Rfd8 21. Rae1 Kf8 22. g3 Rd1 23. Kg2 Rxe1 24. Rxe1 Rd3 25. Re2 Rd7 26. Ne5 Re7 27. f4 Nd7 28. Nxd7+ Rxd7 29. Kf3 f6 30. h4 h5 31. Re3 Kf7 32. Re2 Kg6 33. Re8 Kf5 34. Rb8 b6 35. Rh8 g6 36. Re8 Rd2 37. Ra8 a5 38. Rc8 c5 39. Rc6 Rxb2 40. Rd6 Rc2 41. Rxb6 Rxc3+ 42. Kf2 Rc2+ 43. Kf3 Rxa2 44. Rb5 Ra3+ 45. Kf2 Rc3 46. Rxa5 Kg4 47. Ra6 Rc2+ 48. Ke3 Rc3+ 49. Ke4 Kxg3 50. Rxf6 Rc4+ 51. Ke5 Kxh4 52. Rxg6 Rc1 53. f5 Re1+ 54. Kd5 Rf1 55. f6 Rf5+ 56. Ke6 Rf1 57. Kd5 Rc1 58. f7 Rf1 59. Rg7 Kh3 60. Kxc5 h4 61. Kd6 Kh2 62. Ke7 Re1+ 63. Kf6 Rf1+ 64. Ke7 Re1+ 65. Kf6 h3 66. Rh7 Kg2 67. f8Q Rf1+ 68. Ke7 Rxf8 69. Kxf8 h2 70. Rxh2+ Kxh2 1/2-1/2

[Event "Titled Tuesday intern op 19th Sep Early"]
[Site "Chess.com INT"]
[Date "2023.09.19"]
[Round "10"]
[White "Wagner, Dennis"]
[Black "Mendes Domingues, Ribeiro Matheus"]
[Result "1-0"]
[WhiteElo "2589"]
[BlackElo "2115"]
[PlyCount "31"]
[EventDate "2023.09.19"]
[EventType "swiss (blitz)"]
[EventRounds "11"]
[EventCountry "USA"]
[SourceTitle "EXT 2024"]
[Source "ChessBase"]
[SourceDate "2023.10.10"]
[SourceVersion "1"]
[SourceVersionDate "2023.10.10"]
[SourceQuality "1"]

1. d4 d5 2. c4 e6 3. Nf3 Nf6 4. g3 Be7 5. Bg2 0-0 6. 0-0 dxc4 7. Qa4 a6 8. Qxc4 b5 9. Qc2 Bb7 10. Bg5 Nbd7 11. Bxf6 Nxf6 12. Nbd2 Rc8 13. Nb3 Ne4 14. Na5 Bd5 15. Nc6 Qd7 16. Nfe5 1-0

[Event "Niteroi op 3rd"]
[Site "Niteroi"]
[Date "2023.09.07"]
[Round "6"]
[White "Filgueiras, Nathan Felipe"]
[Black "Mendes Domingues, Ribeiro Matheus"]
[Result "1/2-1/2"]
[WhiteElo "2328"]
[BlackElo "2115"]
[PlyCount "44"]
[EventDate "2023.09.04"]
[EventType "swiss"]
[EventRounds "9"]
[EventCountry "BRA"]
[SourceTitle "EXT 2024"]
[Source "ChessBase"]
[SourceDate "2023.10.10"]
[SourceVersion "1"]
[SourceVersionDate "2023.10.10"]
[SourceQuality "1"]

1. e4 e6 2. d4 d5 3. Nd2 c5 4. exd5 Qxd5 5. Ngf3 cxd4 6. Bc4 Qd6 7. 0-0 Nf6 8. Nb3 Nc6 9. Nbxd4 Nxd4 10. Nxd4 Be7 11. c3 0-0 12. Qf3 Qc7 13. Bb3 a5 14. a4 Bd7 15. Re1 Qb6 16. Bc2 Bc6 17. Qh3 Rad8 18. Bg5 h6 19. Bxh6 Rxd4 20. cxd4 gxh6 21. Re3 h5 22. Rg3+ Kh8 1/2-1/2

[Event "Titled Tuesday intern op 22nd Aug Late"]
[Site "Chess.com INT"]
[Date "2023.08.22"]
[Round "4"]
[White "Deac, Bogdan Daniel"]
[Black "Mendes Domingues, Ribeiro Matheus"]
[Result "1-0"]
[WhiteElo "2698"]
[BlackElo "2115"]
[PlyCount "51"]
[EventDate "2023.08.22"]
[EventType "swiss (blitz)"]
[EventRounds "11"]
[EventCountry "USA"]
[SourceTitle "EXT 2024"]
[Source "ChessBase"]
[SourceDate "2023.10.10"]
[SourceVersion "1"]
[SourceVersionDate "2023.10.10"]
[SourceQuality "1"]

1. b3 d5 2. Bb2 e6 3. e3 Nf6 4. c4 c5 5. cxd5 exd5 6. Nf3 Nc6 7. Bb5 Bd6 8. 0-0 0-0 9. Bxc6 bxc6 10. h3 Qe7 11. d4 cxd4 12. Qxd4 Bd7 13. Rc1 Qe4 14. Nbd2 Qxd4 15. Bxd4 a5 16. Bc5 Bxc5 17. Rxc5 a4 18. b4 a3 19. Ne5 Rfb8 20. Rb1 Ra4 21. Nxc6 Bxc6 22. Rxc6 g6 23. Rxf6 Raxb4 24. Rxb4 Rxb4 25. Nb3 Rc4 26. Ra6 1-0

[Event "Titled Tuesday intern op 22nd Aug Early"]
[Site "Chess.com INT"]
[Date "2023.08.22"]
[Round "2"]
[White "Kramnik, Vladimir"]
[Black "Mendes Domingues, Ribeiro Matheus"]
[Result "1-0"]
[WhiteElo "2753"]
[BlackElo "2115"]
[PlyCount "101"]
[EventDate "2023.08.22"]
[EventType "swiss (blitz)"]
[EventRounds "11"]
[EventCountry "USA"]
[SourceTitle "EXT 2024"]
[Source "ChessBase"]
[SourceDate "2023.10.10"]
[SourceVersion "1"]
[SourceVersionDate "2023.10.10"]
[SourceQuality "1"]

1. c4 e6 2. Nc3 d5 3. d4 Nf6 4. cxd5 exd5 5. Bg5 Be6 6. e3 c6 7. Bd3 Nbd7 8. h3 h6 9. Bf4 Qb6 10. Qc2 Be7 11. Nf3 0-0 12. 0-0 c5 13. dxc5 Nxc5 14. Rfd1 Rac8 15. Qe2 Nce4 16. Rac1 Nxc3 17. bxc3 Bd6 18. Bxd6 Qxd6 19. Nd4 a6 20. Qb2 b5 21. Qb4 Qxb4 22. cxb4 Rxc1 23. Rxc1 Rc8 24. Rxc8+ Bxc8 25. f3 Kf8 26. Kf2 Ke7 27. g4 Kd6 28. h4 g6 29. g5 hxg5 30. hxg5 Nd7 31. f4 Nb6 32. Ke2 Nc4 33. Bxc4 dxc4 34. e4 Bd7 35. Ke3 Bc8 36. Ne2 Bd7 37. Nc3 Bc6 38. Kd4 Bb7 39. a4 Bc6 40. axb5 axb5 41. f5 gxf5 42. exf5 Bd7 43. Ne4+ Kc6 44. Ke5 Be8 45. Nc3 Bd7 46. Kf6 Kd6 47. g6 fxg6 48. fxg6 Be6 49. Nxb5+ Kd5 50. Nc7+ Kd4 51. Nxe6+ 1-0

[Event "Titled Tuesday intern op 22nd Aug Early"]
[Site "Chess.com INT"]
[Date "2023.08.22"]
[Round "5"]
[White "Manukian, Artak"]
[Black "Mendes Domingues, Ribeiro Matheus"]
[Result "1-0"]
[WhiteElo "2196"]
[BlackElo "2115"]
[PlyCount "79"]
[EventDate "2023.08.22"]
[EventType "swiss (blitz)"]
[EventRounds "11"]
[EventCountry "USA"]
[SourceTitle "EXT 2024"]
[Source "ChessBase"]
[SourceDate "2023.10.10"]
[SourceVersion "1"]
[SourceVersionDate "2023.10.10"]
[SourceQuality "1"]

1. e4 e6 2. d4 d5 3. e5 c5 4. c3 Nc6 5. Nf3 Nge7 6. a3 cxd4 7. cxd4 Nf5 8. b4 Bd7 9. Bb2 b5 10. Bd3 a5 11. bxa5 Qxa5+ 12. Nbd2 Be7 13. 0-0 0-0 14. Nb3 Qb6 15. g4 Nh4 16. Nxh4 Bxh4 17. f4 Be7 18. g5 b4 19. a4 Na5 20. Nxa5 Rxa5 21. Rf3 Rfa8 22. Bxh7+ Kf8 23. Bc2 g6 24. h4 Qa6 25. h5 Bxa4 26. Bxa4 Rxa4 27. Rxa4 Qxa4 28. Qxa4 Rxa4 29. h6 Kg8 30. Rb3 Ra6 31. Kf2 Rc6 32. Ke3 Rc2 33. Kd3 Rf2 34. Bc1 Rf3+ 35. Be3 Rf1 36. Ke2 Rh1 37. Bd2 Rh2+ 38. Kd3 Rh3+ 39. Kc2 Rf3 40. Rxf3 1-0

[Event "Titled Tuesday intern op 22nd Aug Late"]
[Site "Chess.com INT"]
[Date "2023.08.22"]
[Round "10"]
[White "Mendes Domingues, Ribeiro Matheus"]
[Black "Gurevich, Dmitry"]
[Result "1-0"]
[WhiteElo "2115"]
[BlackElo "2371"]
[PlyCount "91"]
[EventDate "2023.08.22"]
[EventType "swiss (blitz)"]
[EventRounds "11"]
[EventCountry "USA"]
[SourceTitle "EXT 2024"]
[Source "ChessBase"]
[SourceDate "2023.10.10"]
[SourceVersion "1"]
[SourceVersionDate "2023.10.10"]
[SourceQuality "1"]

1. c4 e6 2. Nf3 d5 3. e3 Nf6 4. Nc3 c5 5. cxd5 Nxd5 6. Nxd5 Qxd5 7. b3 Be7 8. Bb2 0-0 9. Bc4 Qd6 10. 0-0 Nc6 11. d4 cxd4 12. Nxd4 Nxd4 13. Qxd4 Qxd4 14. Bxd4 Bf6 15. Bxf6 gxf6 16. Rfd1 b6 17. Rd6 Bb7 18. Rad1 Rab8 19. f3 Ba8 20. Rd7 b5 21. Bd3 a6 22. Rc1 Rfd8 23. Rcc7 Rxd7 24. Rxd7 Rc8 25. Ra7 Bd5 26. e4 Bc6 27. Rxa6 Kg7 28. Kf2 Be8 29. Rb6 Rc1 30. Ke3 Ra1 31. Rb8 Bd7 32. Rb7 Bc6 33. Rc7 Be8 34. Kd4 Rxa2 35. Rc8 Bd7 36. Rc7 Be8 37. Kc5 Rd2 38. Bxb5 Bxb5 39. Kxb5 Rxg2 40. b4 Rxh2 41. Rc1 h5 42. Kc6 Rf2 43. Rc3 h4 44. b5 h3 45. b6 h2 46. Rc1 1-0

[Event "Titled Tuesday intern op 15th Aug Late"]
[Site "Chess.com INT"]
[Date "2023.08.15"]
[Round "7"]
[White "Hua, Lefong"]
[Black "Mendes Domingues, Ribeiro Matheus"]
[Result "1-0"]
[WhiteElo "2305"]
[BlackElo "2115"]
[PlyCount "103"]
[EventDate "2023.08.15"]
[EventType "swiss (blitz)"]
[EventRounds "11"]
[EventCountry "USA"]
[SourceTitle "EXT 2024"]
[Source "ChessBase"]
[SourceDate "2023.10.10"]
[SourceVersion "1"]
[SourceVersionDate "2023.10.10"]
[SourceQuality "1"]

1. d4 d5 2. c4 e6 3. Nc3 Nf6 4. cxd5 exd5 5. Bg5 Be6 6. e3 c6 7. Bd3 Nbd7 8. Qc2 h6 9. Bh4 g5 10. Bg3 Nh5 11. Nge2 Nxg3 12. Nxg3 h5 13. 0-0 Qf6 14. f3 Bd6 15. Nf5 Bxf5 16. Bxf5 Nb6 17. b3 0-0 18. Rad1 Rfe8 19. e4 Bb4 20. e5 Qg7 21. f4 g4 22. Ne2 c5 23. Kh1 c4 24. Qb1 Be7 25. Bc2 Rac8 26. Ng3 Qh8 27. Nf5 c3 28. Nxe7+ Rxe7 29. f5 Qh6 30. f6 Rec7 31. Rd3 Nd7 32. h3 Nf8 33. Kg1 Ne6 34. hxg4 hxg4 35. Qd1 Kf8 36. Qxg4 Ke8 37. Qg8+ Qf8 38. Qxf8+ Nxf8 39. g4 Ne6 40. Kf2 b5 41. Rg1 Kd7 42. g5 Rg8 43. g6 Ke8 44. g7 Nf4 45. Rf3 Ne6 46. Ke3 b4 47. Rh3 Kd7 48. Rh8 Rcc8 49. Rgh1 Nxg7 50. fxg7 Rxg7 51. Bf5+ Ke7 52. Rxc8 1-0